000
00350nam a2200145 a 4500
005
20140412111347.0
008
041013s19uu xx 00 eng d
050
_a
BB
_b
In1 1990
245
_a
Big Book Magazine.
260
_a
U.S :
_b
Scholastic,
_c
1990.
300
_a
19
440
_a
Big Multicultural Tales
650
_a
Insects
999
_c
105208
_d
105208